Statistics for Countries John Cena has visited

Click here to take the quiz!

General Stats

  • This quiz has been taken 20 times
  • The average score is 8 of 15

Answer Stats

Continent Country % Correct
AsiaChina
94%
OceaniaAustralia
83%
AsiaJapan
78%
EuropeUnited Kingdom
78%
North AmericaUnited States of America
78%
EuropeGermany
72%
OceaniaNew Zealand
61%
EuropeBelgium
50%
EuropeSwitzerland
44%
AsiaMalaysia
39%
Asiathe Philippines
39%
AsiaSaudi Arabia
33%
AsiaSingapore
33%
AsiaUnited Arab Emirates
28%
EuropeHungary
22%

Score Distribution

Percentile by Number Answered

Percent of People with Each Score

Your Score History

You have not taken this quiz